Statistics for Video game consoles - Controller Quiz

Click here to take the quiz!

General Stats

  • This quiz has been taken 206 times
  • The average score is 12 of 15

Answer Stats

Answer% Correct
PlayStation 2
99%
XBOX 360
98%
Nintendo 64
94%
PlayStation 4
93%
Nintendo NES
86%
Nintendo Wii
86%
PlayStation 3
86%
XBOX
85%
Nintendo Gameboy
84%
Nintendo Switch
84%
XBOX One
83%
Nintendo GameCube
82%
Sega Dreamcast
71%
Sega Saturn
52%
Atari Jaguar
41%

Score Distribution

Percentile by Number Answered

Percent of People with Each Score

Your Score History

You have not taken this quiz